| 000 | 01232nam a2200289 c 4500 | ||
|---|---|---|---|
| 003 | BLK | ||
| 005 | 20180422113210.0 | ||
| 008 | 180410b bul|||||r ||||||| ||bul|| | ||
| 010 | _aKNG00159623000 | ||
| 040 | _aBLK | ||
| 041 |
_aBUL _cBUL |
||
| 080 |
_aРуска литература _b821.161.1 _x-31 _z821.161.1-31 |
||
| 100 | 1 |
_aБубьонов, Михаил Семьонович _eпърви автор _943627 |
|
| 700 | 1 |
_aЖечев, Георги _eпрев. от рус. _gТекелиев, Георги Жечев _9367732 |
|
| 139 |
_aБубьонов, Михаил Семьонович _bБ 84 |
||
| 245 | 1 | 0 |
_aОрлова степ _bРоман _cМихаил Семьонович Бубьонов; прев. от рус. Георги Жечев. |
| 257 | _aSUN | ||
| 260 |
_аСофия _bНар. младеж _c1961 |
||
| 300 |
_a444 с. _b1 л. портр. _c21 см |
||
| 380 | _aX | ||
| 500 | _a10 000 тир. - Съдържа и автобиографични бележки в края на кн. | ||
| 852 | _aЦб 19301 | ||
| 856 | 4 |
_qpdf _u |
|
| 856 | 4 |
_qpdf _u |
|
| 942 |
_cKNG _n0 |
||
| 944 |
_aCR _c10.04.2014 _l10.04.2014 - от С1,Р / 10.04.2014 _kСамет_Онур |
||
| 944 |
_aED _c10.04.2014 _l10.04.2014 - от С1,Р / 10.04.2014 _k |
||
| 999 |
_c153104 _d153104 |
||